| 000 | 00566nam a22001697a 4500 | ||
|---|---|---|---|
| 003 | OSt | ||
| 005 | 20171010095537.0 | ||
| 008 | 121031t xxu||||| |||| 00| 0 eng d | ||
| 040 |
_aMMSU _cULS |
||
| 100 |
_aAbellon, Jo-Ar T., et al. _913963 |
||
| 245 |
_aSchedule-based power controller _cJo-Ar T. Abellon, et al. |
||
| 260 | _c2009 | ||
| 300 |
_axvi. [127] leaves _c28 cm. |
||
| 500 | _aThesis (BS Computer Engineering) -- Mariano Marcos State University-College of Engineering, Batac City | ||
| 504 | _aBibliography: 40 leaf | ||
| 942 |
_2ddc _cTHEDIS |
||
| 999 |
_c9850 _d9850 |
||